000 00302nam a22001337a 4500
008 170607b xxu||||| |||| 00| 0 eng d
020 _a9781588260994
041 _aeng
080 _22ND
_a94(100)
100 _a18
101 _aSHH
245 _aUNDERSTANDING DEVELOPMENT
_cRAPLEY,J
942 _2udc
_cBK
999 _c16338
_d16338